Porovnání ekonomických podmínek pro podniky v Euroregionu Nisa : mezinárodní konference : 26.-27.11. 1998 /

Corporate Author: Phare (program)
Other Authors: Technická univerzita v Liberci. Hospodářská fakulta
Language: German
Polish
Czech
Published: Liberec : Technická univerzita v Liberci, 1999
Edition: Vyd. 1.
Physical Description: 166 s. ; 21 cm
Book
Saved in:
LEADER 01022nam a2200277 a 4500
001 000214994
003 CZ BrMZK
005 20041105132205.0
008 990816s1999 xr f cze d
015 |a cnb000739589 
020 |a 80-7083-330-0 
035 |a (OCoLC)84978661 
040 |a BOA001  |b cze 
041 1 |a cze  |a pol  |a ger 
080 |a 338.001.36(061.3)  |2 MRF 
245 0 0 |a Porovnání ekonomických podmínek pro podniky v Euroregionu Nisa :  |b mezinárodní konference : 26.-27.11. 1998 /  |c [kolektiv autorů] 
250 |a Vyd. 1. 
260 |a Liberec :  |b Technická univerzita v Liberci,  |c 1999 
300 |a 166 s. ;  |c 21 cm 
500 |a Bibliogr. - Text též něm., pol. 
653 0 |a Euroregion Nisa  |a ekonomické podmínky 
710 2 |a Phare (program)  |7 kn20030213011 
710 2 |a Technická univerzita v Liberci.  |b Hospodářská fakulta  |7 kn20010709338 
910 |a BOA001  |b TK-0265.165 
990 |a BK 
996 7 |b 2620014903  |c TK-0265.165  |l MZK  |r Sklad / do 24 hodin  |n 1  |p kup  |w 000214994  |u 000010  |a 1  |e BOA001  |j MZK50  |s A